L'Aventurier - Karaoké - Statistiques

Statistiques générales
  • Ce quiz a été pris 78 fois
  • Le résultat moyen est 60 sur 164
Réponses sur la Carte
Les réponses sont colorées sur une échelle allant du rouge au vert en fonction du pourcentage des utilisateurs qui les ont devinées à leur premier essai. Vous pouvez retrouver ces pourcentages ci-dessous.
 
Statistiques - réponses
VERS Mot % Correct
Vers 1 Avec
100%
Vers 1 l'ami
94%
Vers 2 de
81%
Vers 2 des
81%
Vers 2 justesse
81%
Vers 2 crocodiles
80%
Vers 2 Sauve
80%
Vers 1 Bill
77%
Vers 3 au
68%
Vers 1 Ballantine
67%
Vers 3 Stop
67%
Vers 3 des
64%
Vers 3 Caraibes
62%
Vers 3 trafic
61%
Vers 4 Escale
59%
Vers 4 l'operation
54%
Vers 4 dans
51%
Vers 5 de
46%
Vers 6 de
46%
Vers 5 Le
46%
Vers 5 le
46%
Vers 5 coeur
45%
Vers 5 dans
45%
Vers 6 du
45%
Vers 5 lit
45%
Vers 5 Miss
45%
Vers 6 Prisonniere
45%
Vers 6 Sultan
45%
Vers 5 tendre
45%
Vers 5 Clark
43%
Vers 8 birmane
42%
Vers 8 dans
42%
Vers 8 jungle
42%
Vers 8 la
42%
Vers 9 les
42%
Vers 7 a
41%
Vers 11 a
41%
Vers 13 au
41%
Vers 15 Bob
41%
Vers 15 chacal
41%
Vers 15 contre
41%
Vers 16 contre
41%
Vers 14 de
41%
Vers 10 demasque
41%
Vers 7 En
41%
Vers 10 est
41%
Vers 13 Et
41%
Vers 13 face
41%
Vers 16 guerrier
41%
Vers 14 heros
41%
Vers 16 L'aventurier
41%
Vers 11 le
41%
Vers 12 Le
41%
Vers 14 Le
41%
Vers 10 L'ennemi
41%
Vers 14 les
41%
Vers 7 pleine
41%
Vers 13 soudain
41%
Vers 13 surgit
41%
Vers 14 temps
41%
Vers 7 terreur
41%
Vers 14 tous
41%
Vers 15 tout
41%
Vers 16 tout
41%
Vers 13 vent
41%
Vers 14 vrai
41%
Vers 11 collier
39%
Vers 11 de
39%
Vers 9 Emprisonnant
39%
Vers 12 en
39%
Vers 8 Isole
39%
Vers 15 Morane
39%
Vers 11 vole
39%
Vers 9 flibustiers
38%
Vers 11 On
38%
Vers 12 repondra
38%
Vers 6 Jarawak
36%
Vers 4 Nadawieb
36%
Vers 11 Civa
35%
Vers 19 a
32%
Vers 17 Bob
32%
Vers 17 chacal
32%
Vers 17 contre
32%
Vers 18 contre
32%
Vers 18 guerrier
32%
Vers 20 L'aventure
32%
Vers 18 L'aventurier
32%
Vers 17 tout
32%
Vers 18 tout
32%
Vers 19 bord
30%
Vers 19 du
30%
Vers 17 Morane
30%
Vers 20 parfum
30%
Vers 20 au
29%
Vers 21 du
29%
Vers 21 Soleil
29%
Vers 21 Son
29%
Vers 21 surnom,
29%
Vers 26 Bob
28%
Vers 22 de
28%
Vers 26 de
28%
Vers 22 demantelant
28%
Vers 19 Derivant
28%
Vers 22 En
28%
Vers 26 est
28%
Vers 26 la
28%
Vers 22 l'Archipel
28%
Vers 26 le
28%
Vers 7 Manicouagan
28%
Vers 26 roi
28%
Vers 21 Samourai
28%
Vers 26 Terre
28%
Vers 22 gang
26%
Vers 25 l'aventurier
26%
Vers 22 le
26%
Vers 26 Morane
26%
Vers 25 solitaire
26%
Vers 25 Tel
26%
Vers 24 a
25%
Vers 27 au
25%
Vers 29 Bob
25%
Vers 31 Bob
25%
Vers 29 chacal
25%
Vers 29 contre
25%
Vers 30 contre
25%
Vers 31 contre
25%
Vers 32 contre
25%
Vers 28 de
25%
Vers 27 Et
25%
Vers 27 face
25%
Vers 30 guerrier
25%
Vers 32 guerrier
25%
Vers 28 heros
25%
Vers 30 L'aventurier
25%
Vers 32 L'aventurier
25%
Vers 28 Le
25%
Vers 28 les
25%
Vers 19 Sampang
25%
Vers 27 soudain
25%
Vers 27 surgit
25%
Vers 28 temps
25%
Vers 28 tous
25%
Vers 29 tout
25%
Vers 30 tout
25%
Vers 31 tout
25%
Vers 32 tout
25%
Vers 27 vent
25%
Vers 28 vrai
25%
Vers 31 chacal
23%
Vers 23 du
23%
Vers 24 Il
23%
Vers 23 L'otage
23%
Vers 29 Morane
23%
Vers 31 Morane
23%
Vers 24 s'en
23%
Vers 24 sortira
23%
Vers 24 temps
23%
Vers 24 toujours
23%
Vers 23 Doc
22%
Vers 12 Maharadjah
22%
Vers 23 des
20%
Vers 20 d'Ylalang
20%
Vers 23 guerriers
20%
Vers 23 Xhatan
17%
Aucun quiz correspondant
Distribution des résultats
% des personnes avec chaque résultat
Percentile par nombre de réponses
Votre historique - résultats
Vous n’avez pas pris ce quiz